000 02857nam a22002297a 4500
003 OSt
005 20260407091519.0
008 260407b |||||||| |||| 00| 0 eng d
040 _aLC
_bENG
_cLC
_dABK
_eRDA
082 _223rd ed.
_a348.044
_bHIG
245 _aThe high court bulletin [2009] H.C.B Vol. 2 :
_b(a digest of judgements and orders of the supreme court of Uganda, the court of appeal of Uganda, the constitutional court and the high court of Uganda) /
_cedited by Didas Bakunzi Mufasha, Rose Kawesa Nalule, Muwada Nkunyingi.
260 _aKampala, Uganda :
_bThe Law Development Center,
_cJanuary/December 2009.
300 _a52 pages:
_c28.5 cm.
505 _aAmooti Godfrey Nyakana Vs. National Environment Management Authority And 6 Others (Cc).. ......4 Andrew Keenan Vs. Pearl Hoareau (HC)... 48 Bamanye Fazil Vs. Nankunda Rose (HC),..... .20 Bank of Uganda Vs. Caring for Orphans, Widows and Elderly Limited (CA) .....7 Betuco (U) Limited and Anor Vs. Barclays Bank (U) Limited and Another (HC) ...33 Bitangaro & C0. Advocates Vs. Emmanuel Katto (HC)..... East Mengo Growers Co-Operative Union Ltd. vs. The Registrar of Titles (HC)...... .24 14a Francis Brake Lubega Vs. Barnabas Taremwa (HC).....44 His Worship Aggrey Bwire Vs. Attorney General and Judicial Service Commission (CC)..... 10 Hoima District Local Government Vs. Global Construction Co. Limited (HC)…26 ...... In The Matter Of An Application for Guardianship Of Mark Mulindwa (Minor) By Grace Tamale (HC)....18 In the Matter of Isaac Rukundo (Infant) (Application for Adoption By Brent David Potts) (HC)... 16 ... In The Matter of Odoke Emmanuel (Infant) Application for Legal Guardianship by Daniel K. Ludlam and Kathryn Ludlam (HC). .22 ..... Jima Properties Ltd Vs. Kampala District Land Board (HC)...42 ... Lionking International (U) Ltd Vs. Uganda Revenue Authority (HC) ....31 Mandela Auto Spares Vs. Marketing Information Systems (HC)...... .43 Mwesigwa Hannington And 3 Others Vs. Attorney General (CA). .1 ... Nsubuga Bosco Vs. Centenary Bank Ltd (HC)....39 Okello Oryem Alfred and 2 Others Vs. Akright Projects .35 Ltd and Another (Hc).... Peter Mulira Vs. Mitchell Cotts Ltd (HC)... ..36 Peter Muramira Vs. Brian Kaggwa (HC)....46 Rock Petroleum (U) Ltd Vs. Uganda Revenue Authority (HC)....... 20 Stirling Civil Engineering Ltd Vs. Petro (U) Ltd And 2 Others (HC)... ...28 Tirupati Development (U) Ltd Vs. Peter Bibangamba & Another (HC)....40 Uganda Law Society and Another Vs. Attorney General (CC) ...13 Yoweri Bamuhiga And S Others Vs Christine Mugara and 2 Others..... 49
650 _aHigh court Bulletin
_967649
650 _aSupreme Court of Uganda
_967680
650 _aCourt of appeal of Uganda
_967681
700 _a Mufasha, Didas Bakunzi
_967683
700 _aNalule, Rose Kawesa
_967666
700 _a Nkunyingi, Muwada
_967684
942 _2ddc
_cBOOK
999 _c40180
_d40179